| 000 | 01109nas a2200325 4500 | ||
|---|---|---|---|
| 001 | BR2014006836 | ||
| 003 | BR-BrBNA | ||
| 005 | 20231205124644.0 | ||
| 007 | ta | ||
| 008 | 230509b bl.|||p| |||| 00| 00por d | ||
| 040 |
_aBR-BrBNA _bpor _cBiblioteca Nacional de Agricultura |
||
| 041 | _a(Pt) | ||
| 072 | _aL73 | ||
| 100 | 1 | _aLima, A.M.C. | |
| 100 | 1 | _aSantos, B.M. | |
| 100 | 1 | _aPatarroyo, J.H. | |
| 100 | 1 | _aArns, C.W. | |
| 100 | 1 | _aCastro, T.A.M.G. | |
| 100 | 1 | _aDomingues, H.G. | |
| 245 | 1 | _aDesenvolvimento e padronização de um ensaio imunoenzimático (ELISA)para detecção de anticorpos antipneumovírus aviário | |
| 246 | 1 | _aDevelopment and standardisation of one enzymelinked immunosorbent assay (ELISA)for detection of antibodies against avian pneumovirus | |
| 650 | _aPNEUMOVÍRUS | ||
| 650 | _aANTICORPO | ||
| 650 | _aANTÍGENO | ||
| 650 | _aELISA | ||
| 650 | _aSÍNDROME | ||
| 773 | 0 |
_tBrazilian Journal of Poultry Science (Brazil) _xISSN 1516-635X _g(Jan- Apr 1999), v. 1(1) p. 27-35 _wBR2014006836 |
|
| 909 |
_a202311 _bLúcia _c55 _dLúcia Elande |
||
| 942 |
_2AGRIS _n0 _cANA |
||
| 999 |
_c240214 _d240214 |
||